000 00191 a2200097 4500
001 39946
100 _a
245 _a
260 _aNew Delhi
_bAnmol Publishers
_c1989
090 _c24936
_d24936
942 _aNUST-CAE
_c
_c16598
999 _c275019
_d275019